Xử lý đối tượng 2D trong AUTOCAD 2004

Sách trình bày những vấn đề chính như điều khiển các đặc tính của đối tượng, xử dụng các công cụ chính xác, vẽ các đối tượng hình học, chọn và chỉnh sửa các đối tượng ...

Đã lưu trong:
书目详细资料
主要作者: Phạm, Thành Đường
格式: 图书
语言:Undetermined
出版: Thành phố Hồ Chí Minh Thống Kê 2003
主题:
标签: 添加标签
没有标签, 成为第一个标记此记录!
Thư viện lưu trữ: Trung tâm Học liệu Trường Đại học Cần Thơ
LEADER 00919nam a2200205Ia 4500
001 CTU_56980
008 210402s9999 xx 000 0 und d
020 |b 41000 
082 |a 006.68 
082 |b Đ561/T.2 
100 |a Phạm, Thành Đường 
245 0 |a Xử lý đối tượng 2D trong AUTOCAD 2004 
245 0 |c Phạm Thành Đường 
260 |a Thành phố Hồ Chí Minh 
260 |b Thống Kê 
260 |c 2003 
520 |a Sách trình bày những vấn đề chính như điều khiển các đặc tính của đối tượng, xử dụng các công cụ chính xác, vẽ các đối tượng hình học, chọn và chỉnh sửa các đối tượng ... 
650 |a Autocad ( computer programs ),Computer drawing languages 
904 |i Trọng Hải 
980 |a Trung tâm Học liệu Trường Đại học Cần Thơ